“I’m the greatest”: Pride, Impression Management, and Denial of Coercive Control And Physical Abuse by Perpetrators of Intimate Partner Violence

Coercive control and physical abuse are two prominent forms of intimate partner violence (IPV), often accompanied by with impression management to conceal such behavior. However, intrinsic motives for engaging in impression management by male IPV offenders are not well-known. The present study makes...

Full description

Saved in:  
Bibliographic Details
Authors: Crossman, Angela (Author) ; Reissman, Benjamin (Author) ; Raghavan, Chitra (Author) ; Doychak, Kendra (Author)
Format: Electronic Book
Language:English
Published: 2018
In:Year: 2018
Online Access: Volltext (kostenfrei)
Check availability: HBZ Gateway

MARC

LEADER 00000cam a22000002c 4500
001 1866325507
003 DE-627
005 20250114054913.0
007 cr uuu---uuuuu
008 231019s2018 xx |||||o 00| ||eng c
035 |a (DE-627)1866325507 
035 |a (DE-599)KXP1866325507 
040 |a DE-627  |b ger  |c DE-627  |e rda 
041 |a eng 
084 |a 2,1  |2 ssgn 
100 1 |a Crossman, Angela  |e VerfasserIn  |4 aut 
245 1 0 |a “I’m the greatest”: Pride, Impression Management, and Denial of Coercive Control And Physical Abuse by Perpetrators of Intimate Partner Violence 
264 1 |c 2018 
336 |a Text  |b txt  |2 rdacontent 
337 |a Computermedien  |b c  |2 rdamedia 
338 |a Online-Ressource  |b cr  |2 rdacarrier 
520 |a Coercive control and physical abuse are two prominent forms of intimate partner violence (IPV), often accompanied by with impression management to conceal such behavior. However, intrinsic motives for engaging in impression management by male IPV offenders are not well-known. The present study makes use of archival data from 85 heterosexual men in a batterer treatment program to gauge how pride, shame, and guilt may relate to impression management and reported IPV. Admission to shame and guilt appear to be correlated with and predictive of both forms of reported abuse, along with the absence of impression management. This implies that internalized shame and guilt motivate abusers to report IPV in their relationships. Secondary findings included a positive correlation between higher education and reported coercive control, and lower age or African-American ethnicity positively correlating with reported physical abuse. Implications of these findings are explored 
700 1 |a Reissman, Benjamin  |e VerfasserIn  |4 aut 
700 1 |a Raghavan, Chitra  |e VerfasserIn  |4 aut 
700 1 |a Doychak, Kendra  |e VerfasserIn  |4 aut 
856 4 0 |u https://academicworks.cuny.edu/cgi/viewcontent.cgi?article=1090&context=jj_etds  |x Verlag  |z kostenfrei  |3 Volltext  |7 0 
935 |a mkri 
951 |a BO 
ELC |a 1 
LOK |0 000 xxxxxcx a22 zn 4500 
LOK |0 001 4392971236 
LOK |0 003 DE-627 
LOK |0 004 1866325507 
LOK |0 005 20231019043658 
LOK |0 008 231019||||||||||||||||ger||||||| 
LOK |0 035   |a (DE-2619)CORE63336530 
LOK |0 040   |a DE-2619  |c DE-627  |d DE-2619 
LOK |0 092   |o n 
LOK |0 852   |a DE-2619 
LOK |0 852 1  |9 00 
LOK |0 935   |a core 
LOK |0 939   |a 19-10-23  |b l01 
OAS |a 1 
ORI |a SA-MARC-krimdoka001.raw